| 000 | 03766nam a22003977a 4500 | ||
|---|---|---|---|
| 001 | BRCA_7519 | ||
| 002 | R-69 | ||
| 003 | FranzMayer | ||
| 005 | 20260323175133.0 | ||
| 008 | 251210s1484 it ||||gr|||| 00| 0 lat d | ||
| 040 |
_aBM FM _bspa |
||
| 041 | _alat | ||
| 050 | 4 |
_aDG270 _b.B56 1484 (R-69) |
|
| 100 | 1 |
_aBiondo, Flavio _d(1392-1463) _930085 |
|
| 245 | 1 | 0 |
_aHistoriarum ab Inclinatione Romanorum Imperii. Liber Primus/ _cBiondo, Flavio |
| 246 | 1 | 1 | _aDécadas de historia desde la decadencia del Imperio Romano |
| 260 |
_aVenecia, Italia : _bOtavianum Scotum , _c1484 |
||
| 300 |
_a249 hojas ; _c27 x 18.5 x 5 cm |
||
| 520 | 3 |
_aEl incunable más antiguo en la biblioteca Franz Mayer. Narra la historia de Europa y la cristiandad, desde el saqueo de Roma por los godos en los años 410 d. C., hasta 1442. _bFue el primero en dividir la historia en tres periodos o edades, así como en emplear el concepto de "Medioevo” para referirse a la Edad Media, que transcurrió desde la desintegración del Imperio romano de Occidente -en el siglo V- hasta el siglo XV y considerado un período de estancamiento cultural. |
|
| 563 | _aOtras referencias físicas: Encuadernación entera en piel decorada. El papel del cuerpo del libro es de pulpa de trapo, hecho a mano, con marcas de verjurado y marcas de agua. El cuerpo del libro está formado por cuadernillos unidos mediante costura sobre cuatro soportes sencillos y elevados de cordel. Sin embargo, no es posible determinar el tipo de costura. Hojas de guarda con refuerzo hecho de papel de reúso manuscrito, cosidas y adheridas; ambas guardas móviles presentan una marca de agua con la figura de un caballo (distinto en cada una). Lomera ligeramente redondeada con endoses en los paneles de cabeza y pie (no se determinó si en el resto de los paneles hay endoses). Cabezadas tejidas con hilo blanco, y sobrecabezadas tejidas con hilo café y ocre con almas de material no identificado, cortadas al ras. Cantos del cuerpo refinados más de una vez y saplicados con rojoDecoración con dorado en el lomoTexto impreso | ||
| 591 | _aEstado de Conservación: Bueno | ||
| 591 | _aDescripción de conservación: Reencuadernación antigua. Presenta suciedad, algunos faltantes, roturas y dobleces en las hojas. Contraguardas parcialmente desprendidas, abrasión en los cantos de las tapas, cofia de cabeza rota, puntas dobladas; la punta posterior de pie y la anterior de cabeza ligeramente desnudas. Pequeños faltantes de la capa superior de la piel en ambas tapas | ||
| 592 | _aMarcas Adicionales: Notas manuscritas en tinta ferrogálica en los márgenes de las hojas: 1-6, 10-11, 14, 16, 18-19, 23-24, 26, 32, 34-35, 37, 43-47, 50-63, 66, 69-71, 73, 75-82, 89-90, 93, 95, 99-100, 102, 112, 120-129, 133-134, 140 (en algunos casos se cortaron durante el refinado para la reencuadernación). Nota manuscrita en italiano en la contra guarda anterior [J. Hatan ... 21 ... 1840 H . I . A ] [Muy rara es la edición ... ]. En la contraguarda anterior presenta una inscripción con la fecha "1840", lo que podría indicar la época aproximada de su reencuadernacón. Marca de agua en la última hoja con un círculo y una "M" | ||
| 593 | _aIncunables | ||
| 600 | 1 | 0 |
_aBiondo, Flavio _d1392-1463 _930085 |
| 648 | 0 |
_aViceroyalty (1535-1821) _930086 |
|
| 650 | 1 | 0 |
_aHistory _98124 |
| 650 | 1 | 0 |
_aHistoriography _xHistory _yTo 1500 _zEurope _930087 |
| 650 | 1 | 0 |
_aRenaissance _zEurope _912726 |
| 651 | 0 |
_aRome _xHistory _yEmpire 284-476 _930088 |
|
| 700 | 1 |
_aScotum, Otavianum _eeditor _930089 |
|
| 856 | 4 | 1 |
_qTIF//PDF _uhttps://bibliotecadigital.franzmayer.org.mx/items/afbfca9c-4665-46a3-9e28-758440057e27 _yBiblioteca Digital Franz Mayer |
| 902 |
_aKH _aTV _aFM |
||
| 942 |
_2lcc _cB |
||
| 960 | _aCS-L1-N2 | ||
| 999 |
_c11097 _d11097 |
||